LEADER 01140cam2 22002891 450 001 SOBE00022649 005 20190924102147.0 100 $a20120220d1920 |||||ita|0103 ba 101 $aita 102 $aIT 200 0 $a2 210 $aTorino$cUnione tipografico-editrice torinese$dstampa 1920 215 $a267 p., [3] c. di tav.$cill.$d18 cm 225 2 $aCollezione di classici italiani con note$v25 410 1$1001LAEC00020637$12001 $a*Collezione di classici italiani con note$v25 461 1$1001SOBE00022644$12001 $aDel primato morale e civile degli italiani / Vincenzo Gioberti ; introduzione e note di Gustavo Balsamo-Crivelli 700 1$aGioberti$b, Vincenzo <1801-1852>$3AF00014805$4070$068480 702 1$aBalsamo-Crivelli, Gustavo$3A600200028449$4070 801 0$aIT$bUNISOB$c20190924$gRICA 850 $aUNISOB 852 $aUNISOB$j850|Coll|30|K$m74278 912 $aSOBE00022649 940 $aM 102 Monografia moderna SBN 941 $aW 957 $a850|Coll|30|K$b000046$i-2$gSI$d74278$racquisto$tN$1vittorini$2UNISOB$3UNISOB$420120220114105.0$520120502133504.0$6bethb 996 $a2$91084301 997 $aUNISOB LEADER 02949nam 2200613 450 001 9910459726303321 005 20211006200849.0 010 $a3-11-037775-6 010 $a3-11-026329-7 024 7 $a10.1515/9783110263299 035 $a(EBL)1113310 035 $a(MiAaPQ)EBC1113310 035 $a(OCoLC)890066885 035 $a(Au-PeEL)EBL1113310 035 $a(CaPaEBR)ebr11006644 035 $a(CaONFJC)MIL805009 035 $a(EXLCZ)993710000000229057 100 $a20150126h20142014 uy| 0 101 0 $aeng 135 $aurcnu|||||||| 181 $ctxt 182 $cc 183 $acr 200 14$aThe dirac equation and its solutions /$fVladislav G. Bagrov, Dmitry Gitman 210 1$aBerlin :$cDe Gruyter,$d[2014] 210 4$d©2014 215 $a1 online resource (444 p.) 225 1 $aDe Gruyter studies in mathematical physics,$x2194-3532 ;$vvolume 4 300 $aDescription based upon print version of record. 311 0 $a3-11-916378-3 311 0 $a3-11-026292-4 320 $aIncludes bibliographical references and index. 327 $tFront matter --$tPreface --$tAcknowledgements --$tContents --$t1. Introduction --$t2. Relativistic equations of motion --$t3. Basic exact solutions --$t4. Particles in fields of special structure --$t5. Dirac-Pauli equation and its solutions --$t6. Propagators of relativistic particles --$t7. Electron interacting with a quantized electromagnetic plane wave --$t8. Spin equation and its solutions --$t9. One-dimensional Schrödinger equation and its solutions --$t10. Coherent states --$tA. Appendix 1 --$tB. Appendix 2 --$tBibliography --$tIndex --$tBackmatter 330 $aThe Dirac equation is of fundamental importance for relativistic quantum mechanics and quantum electrodynamics. In relativistic quantum mechanics, the Dirac equation is referred to as one-particle wave equation of motion for electron in an external electromagnetic field. In quantum electrodynamics, exact solutions of this equation are needed to treat the interaction between the electron and the external field exactly. In this monograph, all propagators of a particle, i.e., the various Green's functions, are constructed in a certain way by using exact solutions of the Dirac equation. 410 0$aDe Gruyter studies in mathematical physics ;$v4. 606 $aDirac equation 606 $aQuantum field theory 606 $aDifferential equations, Partial 606 $aWave equation 608 $aElectronic books. 615 0$aDirac equation. 615 0$aQuantum field theory. 615 0$aDifferential equations, Partial. 615 0$aWave equation. 676 $a530 700 $aBagrov$b Vladislav G.$01042022 702 $aGitman$b Dmitry 801 0$bMiAaPQ 801 1$bMiAaPQ 801 2$bMiAaPQ 906 $aBOOK 912 $a9910459726303321 996 $aThe dirac equation and its solutions$92465942 997 $aUNINA LEADER 01467nam 2200457 450 001 9910796330303321 005 20200520144314.0 010 $a1-80034-006-0 010 $a1-909821-27-6 035 $a(CKB)3830000000060661 035 $a(Au-PeEL)EBL5485142 035 $a(OCoLC)1048786690 035 $a(MiAaPQ)EBC5485142 035 $a(EXLCZ)993830000000060661 100 $a20180822d1998 uy 0 101 0 $aeng 135 $aurcnu|||||||| 181 $ctxt$2rdacontent 182 $cc$2rdamedia 183 $acr$2rdacarrier 200 10$aVictorian Jews through British eyes /$fAnne and Roger Cowen 210 1$aLondon ;$aPortland, Oregon :$cThe Littman Library of Jewish Civilization,$d1998. 215 $a1 online resource (xxviii, 196 pages) $cillustrations 225 1 $aThe Littman Library of Jewish Civilization 311 $a0-19-710042-2 410 0$aLittman library of Jewish civilization (Series) 606 $aJews$zGreat Britain$xPublic opinion 606 $aPublic opinion$zGreat Britain$xHistory$y19th century 607 $aGreat Britain$xEthnic relations 615 0$aJews$xPublic opinion. 615 0$aPublic opinion$xHistory 676 $a941/.004924 700 $aCowen$b Anne$0458230 702 $aCowen$b Roger 801 0$bMiAaPQ 801 1$bMiAaPQ 801 2$bMiAaPQ 906 $aBOOK 912 $a9910796330303321 996 $aVictorian Jews through British eyes$93751283 997 $aUNINA